|
|
|
|
| LEADER |
00000cam a2200000 a 4500 |
| 001 |
vtls008323957 |
| 003 |
SK-MaSNL |
| 005 |
20260301222350.0 |
| 008 |
230403s1961 xo l frn 000 0 slo |
| 015 |
|
|
|a SNBA1962/03-00456
|
| 020 |
|
|
|q (viazané)
|
| 035 |
|
|
|a SK01SNK19620016174
|
| 035 |
|
|
|a urn:nbn:sk:snk-am3isw9
|
| 035 |
|
|
|a 27F0AF6C-E048-461D-887A-CFBC0A8EA9E4
|
| 035 |
|
|
|a urn:nbn:sk:snk-am00fgkk
|
| 035 |
|
|
|a SKM000018637
|
| 040 |
|
|
|a SNK
|b slo
|c SNK
|e AACR2
|
| 041 |
0 |
|
|a slo
|a cze
|
| 044 |
|
|
|a xo
|c SK
|
| 072 |
|
7 |
|a 377
|x Odborné vzdelávanie
|2 konspekt
|
| 080 |
|
|
|a 377.352
|2 2011
|
| 080 |
|
|
|a 377
|2 2011
|
| 080 |
|
|
|a (082)
|2 2011
|
| 080 |
|
|
|a 377.35
|2 2011
|
| 100 |
1 |
|
|a Beňo, Július
|4 aut
|9 289876
|
| 245 |
1 |
0 |
|a Teória a prax na odborných učilištiach a učňovských školách
|c Beňo a kolektív
|
| 250 |
|
|
|a Prvé vydanie
|
| 260 |
|
|
|a Bratislava
|b Slovenské pedagogické nakladateľstvo
|c 1961
|e Bratislava
|f Polygrafické závody 2
|
| 300 |
|
|
|a 263 strán
|b tabuľky
|c 21 cm
|
| 366 |
|
|
|e 3200 kusov
|
| 490 |
1 |
|
|a Knižnica metodických príručiek
|v zväzok 88
|
| 504 |
|
|
|a Bibliografia na strane 261-263 ; bibliografické odkazy a poznámky
|
| 546 |
|
|
|a Čiastočný text v češtine
|
| 650 |
0 |
7 |
|a stredné odborné učilištia
|2 SNKPH
|9 30904
|
| 650 |
0 |
7 |
|a odborné vzdelávanie
|2 SNKPH
|9 4335
|
| 650 |
0 |
7 |
|a odborná prax
|2 SNKPH
|9 65538
|
| 655 |
|
7 |
|a zborníky
|2 SNKPH
|9 70165
|
| 830 |
|
0 |
|a Knižnica metodických príručiek
|9 348218
|
| 852 |
|
|
|a Slovenská národná knižnica
|
| 954 |
|
|
|a odborná, vedecká literatúra pôvodná (slovenská)
|2 lita
|
| 958 |
|
|
|a TL
|
| 958 |
|
|
|a RK
|
| 958 |
|
|
|a NB
|
| 958 |
|
|
|a OND
|
| 958 |
|
|
|a EUIPO
|
| 999 |
|
|
|c 939639
|d 941569
|
| 952 |
|
|
|a SNK
|b SNK
|y PREZ
|7 0
|p 17A0841757
|o snkSC 16135
|i snkKSP 690/62
|0 0
|1 0
|4 0
|d 1997-01-14
|f 1
|l 0
|r 2025-07-18 00:00:00
|w 2026-02-24
|
| 952 |
|
|
|a SNK
|b SNK
|y VYP
|7 0
|p 17A7633028
|o snkSC 16135 D1
|i snkKSP 691/62
|0 0
|1 0
|4 0
|d 1997-01-14
|l 0
|r 2005-01-01 00:00:00
|w 2026-02-24
|